000 00624nam a2200217 4500
001 145485
003 ES-MaACL
005 20230906201237.0
007 t|
008 070214s1984 sp r ||||1| spa d
100 1 _aSterne, Laurence.
_9108138
245 1 0 _aViaje sentimental /
_cLaurence Sterne.
250 _a[Ed. facs.].
260 _aMadrid :
_bEspasa-Calpe,
_c1984.
300 _a213 p. :
_bil. ;
_c25 cm.
500 _aReprod. facs. de la ed. de: Madrid: I. Boix, 1843.
655 7 _2tgfbne
_9226495
_aFacsĂ­miles
852 _aES-MaACL
_jG-9077
_bR.114263
942 _2udc
999 _c145485
_d145485